1979 1213 1522 1108 1094 1657 1545 1833 1784 1460 1297 1631 1558 1873 1914 1574 1413 1689 1301 1508 1709 1303 1120 1019 1214 1974 1020 1961 1566 1284 1401 1372 1646 1749 1859 1343 1422 1821 1781 1446 1321 1507 1024 1920 1301 1070 1061 1516 1504 1654 1523 1931 1642 1486 1593 1419 1352 1254 1393 1968 1378 1396 1482 1146 1178 1349 1797 1645 1031 1862 1063 1537 1206 1794 1966 1293 1800 1783 1602 1267 1729 1480 1896 1964 1256 1551 1106 1737 1880 1912 1291 1189 1894 1373 1901 1274 1257 1155 1879 BCNSPRNW ULIB Ver.6.0+V

เปลี่ยนเป็นภาษาไทย

Change to English
 แสดงรายละเอียดบรรณานุกรม
  กลับหน้าหลัก

Brief Record : Get Marc (ISO 2709) : E-mail record : QR code < ปิดหน้าต่าง
LEADER : 00000nam 2200000uu 4500
001    13399114513
003     ULIB
008    120411s2552||||th 000 0 tha d
020    ^a9786117190186
090    ^aนว.^bน418พ 2552
100 0  ^aนันทนา วีระชน
245 00 ^aพระจันทร์ข้างแรม /^cนันทนา วีระชน
250    ^aพิมพ์ครั้งที่ 1
260    ^aกรุงเทพฯ :^bอินเลิฟ,^c2552
300    ^a404 หน้า
710 1  ^aอินเลิฟ
945    ^p294^l0^i15946
995    ^aกัณชพร
999    ^aใช้งานได้ทุกระบบ
รายการนี้ยังไม่มีแท็ก
คุณยังไม่ได้ล็อกอิน คุณสามารถมีกิจกรรมร่วมกับเว็บไซต์ได้ แต่ต้องล็อกอินก่อน ::
  ล็อกอิน

รายการสื่อสารสนเทศ

ลำดับที่ ประเภท เลขเรียก/บาร์โค้ด สถานที่ สถานะ
1. นวนิยาย
นวนิยาย
นว. น418พ 2552  
  Barcode: 15946
ห้องสมุดวิทยาเขตสวรรค์ประชารักษ์
►นวนิยาย
บนชั้น
  ขอยืม

รายการใกล้เคียง
    ผู้แต่ง [นันทนา วีระชน]

BibComment


ยังไม่เคยถูกคอมเมนท์

คอมเมนท์ทรัพยากรรายการนี้
  คอมเมนท์: พระจันทร์ข้างแรม..


 Copyright 2026. Bcnsprnw @Library